000 00516nam a22001817a 4500
999 _c22279
_d22279
003 BDDh-ASL
005 20231015030118.0
008 210224s1930 bg ||||| |||| 00| 0 eng d
040 _aBDDh-ASL
_cBDDh-ASL
082 _a954
_bMAB
100 1 _92621
_aMajumdar, R. C.
_cDr.
245 1 2 _aA Brief History of India /
260 _aDacca:
_bAsutosh Dhar,
_c1930.
300 _a332 p. :
_c19 cm.
504 _aIncludes bibliographical references and index.
651 0 _9722
_aIndia
_xHistory
942 _2ddc
_cBK